LIBRARY & INFORMATION CENTRE, KCAET, TAVANUR

ONLINE PUBLIC ACCESS CATALOGUE (OPAC)

Normal view MARC view
  • Er. Jayan P. R (Guide)

Entry Personal Name

Number of records used in: 6

001 - CONTROL NUMBER

  • control field: 3764

003 - CONTROL NUMBER IDENTIFIER

  • control field: OSt

005 - DATE AND TIME OF LATEST TRANSACTION

  • control field: 20181024112939.0

008 - FIXED-LENGTH DATA ELEMENTS

  • fixed length control field: 181024|| aca||aabn | a|a d

040 ## - CATALOGING SOURCE

  • Original cataloging agency: OSt
  • Transcribing agency: OSt

100 ## - HEADING--PERSONAL NAME

  • Personal name: Er. Jayan P. R (Guide)

670 ## - SOURCE DATA FOUND

  • Source citation: Work cat.: (OSt)15059: RAJESH G. K SAJU VARNAN A SINDHU BHASKAR 3763, Development and testing of a countersinking attachment to the tractor operated post - hole digger
free website counter